MARC

LEADER 00000nam0a2200000 4500
001 172990
005 20231031164409.0
020 |a RU  |b 81-56110 
035 |a (RuTPU)RU\TPU\book\187646 
090 |a 172990 
100 |a 20091217d1981 km y0rusy5003 ca 
101 0 |a rus 
102 |a UA 
105 |a a z 001zy 
200 1 |a Графическое представление синтаксических структур и стилистическая диагностика  |f И. П. Севбо  |g Академия наук Украинской ССР (АН УССР), Институт кибернетики (ИК) 
210 |a Киев  |c Наук. думка  |d 1981 
215 |a 192 с.  |c ил.  |d 20 см. 
320 |a Библиогр.: с. 184-190. 
610 1 |a языкознание 
610 1 |a синтаксис 
610 1 |a стилистическая диагностика 
610 1 |a синтаксическая структура 
610 1 |a грамматика 
610 1 |a зависимости 
610 1 |a исследование 
610 1 |a математическая статистика 
675 |a 4:51  |z rus  |v 3 
675 |a 4.06  |z rus  |v 3 
700 1 |a Севбо  |b И. П.  |g Ирина Платоновна  |4 070 
712 0 2 |a Академия наук Украинской ССР (АН УССР)  |b Институт кибернетики (ИК)  |2 stltpush  |3 (RuTPU)RU\TPU\col\11437 
801 0 |a RU  |b RuMRKP  |c 19950704  |g psbo 
801 1 |a RU  |b 63413507  |c 20091217 
801 2 |a RU  |b 63413507  |c 20100311  |g RCR 
942 |c BK